| 000 | 00850nam a2200229 i 4500 | ||
|---|---|---|---|
| 001 | 149503 | ||
| 003 | ES-MaACL | ||
| 005 | 20231227145139.0 | ||
| 007 | t| | ||
| 008 | 071023s1953 sp ||||1| spa d | ||
| 100 | 1 |
_aVázquez de Mella y Fanjul, Juan, _d1861-1928 _9113419 |
|
| 245 | 1 | 0 |
_aVázquez Mella / _c[Juan Vázquez de Mella ; estudio preliminar, selección y notas, Rafael Gambra] ; prólogo, Antonio Iturmendi Bañales. |
| 260 |
_aMadrid : _bDirección General de Información, _c1953. |
||
| 300 |
_aXV, 239 p. ; _c17 cm. |
||
| 490 | 1 |
_aTextos de doctrina política ; _v2 |
|
| 700 | 1 |
_aGambra, Rafael. _953775 |
|
| 700 | 1 |
_aIturmendi Bañales, Antonio. _965623 |
|
| 830 | 0 |
_aTextos de doctrina política ; _v2 _9230746 |
|
| 852 |
_aES-MaACL _jC-7967 _bR.36060 |
||
| 852 |
_aES-MaACL _jL-29959 |
||
| 999 |
_c149503 _d149503 |
||